[Event "Open B "]
[Site "?"]
[Date "2008.08.26"]
[Round "5.9"]
[White "Franc, O."]
[Black "Skalicky, T."]
[Result "1/2-1/2"]
[WhiteElo "1598"]
[BlackElo "1493"]
[PlyCount "25"]
[EventDate "2008.??.??"]

1. Nf3 d5 2. d4 Nf6 3. c4 c6 4. e3 Bg4 5. Nc3 e6 6. cxd5 exd5 7. Be2 Bd6 8. O-O
O-O 9. h3 Bh5 10. b3 Re8 11. Qc2 Nbd7 12. Bb2 Nf8 13. Rfe1 1/2-1/2

[Event "OPEN B"]
[Site "?"]
[Date "2008.08.26"]
[Round "5.10"]
[White "Studzinski, B."]
[Black "Vorisek, M."]
[Result "0-1"]
[WhiteElo "1000"]
[BlackElo "1587"]
[PlyCount "82"]
[EventDate "2008.??.??"]

1. c4 Nf6 2. Nc3 g6 3. d4 d5 4. cxd5 Nxd5 5. Bd2 Bg7 6. Nf3 O-O 7. e3 Nb6 8. b3
a5 9. Nb5 a4 10. Bc4 Bg4 11. Rc1 c6 12. Nc3 axb3 13. Bxb3 Na6 14. Ne4 Nd5 15.
Nc5 Ra7 16. Nxa6 Rxa6 17. O-O Qd6 18. Re1 e5 19. e4 Nb4 20. Bxb4 Qxb4 21. dxe5
Bxe5 22. Rb1 Qe7 23. h3 Rd8 24. Qxd8+ Qxd8 25. Nxe5 Be6 26. Red1 Qf6 27. Bxe6
Qxe6 28. Ng4 Kg7 29. Rxb7 Qxa2 30. Rdd7 h5 31. Rxf7+ Qxf7 32. Rxf7+ Kxf7 33.
Ne5+ Kf6 34. f4 Ra4 35. Nxc6 Rxe4 36. g3 h4 37. Kf2 Kf5 38. Ne5 g5 39. gxh4
Rxf4+ 40. Nf3 g4 41. hxg4+ Kxg4 0-1

[Event "OPEN B"]
[Site "?"]
[Date "2008.08.26"]
[Round "5.11"]
[White "Lorenc, D."]
[Black "Kudrna, J."]
[Result "1/2-1/2"]
[WhiteElo "1596"]
[BlackElo "1000"]
[PlyCount "104"]
[EventDate "2008.08.23"]
[SourceDate "2008.08.26"]

1. e4 e6 2. Nf3 a6 3. Nc3 c5 4. d4 Nc6 5. d5 Nb8 6. dxe6 dxe6 7. Qxd8+ Kxd8 8.
Be3 b5 9. a4 b4 10. Nb1 Nf6 11. Bg5 Be7 12. Bxf6 Bxf6 13. e5 Be7 14. Nbd2 f5
15. Nc4 Nd7 16. Be2 Ke8 17. O-O Bb7 18. Rfd1 Bd5 19. a5 Kf7 20. Ne3 Bc6 21. Nc4
g5 22. Nd6+ Kg6 23. Nc4 Bb5 24. Kf1 Rhd8 25. h3 h5 26. Nfd2 Ra7 27. Ke1 g4 28.
f4 Nb8 29. Nb6 Nc6 30. Nb3 Rb7 31. Rxd8 Nxd8 32. Nc4 Nc6 33. Ne3 Nd4 34. Nxd4
cxd4 35. Bxb5 Rxb5 36. Nc4 Bc5 37. b3 Kf7 38. Ke2 Ke7 39. Kd3 Kd7 40. hxg4 hxg4
41. Rh1 Rb8 42. Rh7+ Kc6 43. Rh6 Re8 44. g3 Kb5 45. Rh7 Kc6 46. Rh6 Re7 47. Rh8
Kb7 48. Rh6 Kc7 49. Rh8 Kd7 50. Nb2 Ba7 51. Ra8 Kc6 52. Rc8+ Kd7 1/2-1/2

[Event "OPEN B"]
[Site "?"]
[Date "2008.08.26"]
[Round "5.12"]
[White "Soltysova, A."]
[Black "Kotka, T."]
[Result "0-1"]
[WhiteElo "1543"]
[BlackElo "1400"]
[PlyCount "86"]
[EventDate "2008.??.??"]

1. d4 d5 2. e3 e5 3. dxe5 Bc5 4. Nf3 Bg4 5. Be2 Nc6 6. Nd4 Bxe2 7. Nxe2 Nxe5 8.
b3 Nf6 9. Bb2 Ng6 10. Nd2 O-O 11. O-O Qd6 12. h3 Bb6 13. c4 Rad8 14. cxd5 Nxd5
15. Nc4 Qe6 16. Nd4 Qe7 17. Qf3 c5 18. Nf5 f6 19. Rad1 Qe6 20. e4 Nb4 21. a3
Nc6 22. Qg4 Kh8 23. h4 Qf7 24. f4 Rxd1 25. Rxd1 Bc7 26. g3 b5 27. Ncd6 Qxb3 28.
h5 Bxd6 29. Rxd6 Nce7 30. hxg6 Nxf5 31. exf5 Qxb2 32. Qh5 h6 33. Qd1 Qxa3 34.
Kg2 c4 35. Rd7 c3 36. Rxg7 Qa2+ 37. Kf3 Kxg7 38. Qd7+ Rf7 39. gxf7 Qxf7 40.
Qxb5 c2 41. Qb2 Qc7 42. Qc1 a5 43. Ke2 Qc3 0-1

[Event "Open B "]
[Site "?"]
[Date "2008.08.26"]
[Round "5.13"]
[White "Hatas, O."]
[Black "Silhanek, J."]
[Result "1/2-1/2"]
[WhiteElo "1437"]
[BlackElo "1763"]
[PlyCount "42"]
[EventDate "2008.??.??"]

1. e4 e6 2. d4 d5 3. Nc3 Nf6 4. e5 Nfd7 5. f4 c5 6. Nf3 Nc6 7. Be3 a6 8. Be2
Qb6 9. Na4 Qa5+ 10. c3 cxd4 11. Nxd4 Nxd4 12. Bxd4 b5 13. Nc5 Qc7 14. Nd3 Be7
15. O-O Nc5 16. Nxc5 Bxc5 17. Qe1 O-O 18. Qf2 Be7 19. Qg3 f5 20. b4 Bd7 21.
Rad1 Rac8 1/2-1/2

[Event "Open B"]
[Site "?"]
[Date "2008.08.26"]
[Round "5.14"]
[White "Skvaril, M."]
[Black "Pospisil, P."]
[Result "0-1"]
[WhiteElo "1250"]
[BlackElo "1717"]
[PlyCount "64"]
[EventDate "2008.??.??"]

1. e4 c5 2. Nf3 d6 3. d4 cxd4 4. Nxd4 a6 5. a4 Nf6 6. Nc3 e6 7. f3 Nbd7 8. Be3
Qc7 9. Be2 Ne5 10. b3 Qxc3+ 11. Kf2 Be7 12. h3 O-O 13. f4 Nxe4+ 14. Kg1 Qxe3+
15. Kh2 Qxf4+ 16. Kg1 Qf2+ 17. Kh2 Bh4 18. Rf1 Qg3+ 19. Kg1 Qe3+ 20. Kh2 Bg3+
21. Kh1 Bf2 22. Bf3 Ng3+ 23. Kh2 Nxf1+ 24. Qxf1 Qxd4 25. Rd1 Qe3 26. Be2 d5 27.
Kh1 Bd7 28. Kh2 Bc6 29. a5 d4 30. Bd3 Nf3+ 31. gxf3 Qxf3 32. Qg2 Qxg2# 0-1

[Event "Open B"]
[Site "?"]
[Date "2008.08.26"]
[Round "5.15"]
[White "Fiala, J."]
[Black "Vinecky, J."]
[Result "1-0"]
[WhiteElo "1658"]
[BlackElo "1427"]
[PlyCount "45"]
[EventDate "2008.??.??"]

1. e4 e5 2. Nf3 Nc6 3. Bb5 d6 4. d4 Bd7 5. O-O Be7 6. Re1 Nf6 7. Nc3 O-O 8. Bg5
a6 9. Bxc6 bxc6 10. dxe5 dxe5 11. Nxe5 Bd6 12. Bxf6 gxf6 13. Nxd7 Qxd7 14. Re3
Kh8 15. Ne2 Rae8 16. Ng3 Qc8 17. Qh5 Rg8 18. Nf5 Rg6 19. Rh3 Kg8 20. Qxh7+ Kf8
21. Qh8+ Rg8 22. Qxf6 Rd8 23. Qh6+ 1-0

[Event "Open B"]
[Site "?"]
[Date "2008.08.26"]
[Round "5.16"]
[White "Psenicka, T."]
[Black "Mala, A."]
[Result "0-1"]
[WhiteElo "1641"]
[BlackElo "1423"]
[PlyCount "64"]
[EventDate "2008.08.22"]
[SourceDate "2008.08.26"]

1. e4 e5 2. Nf3 Nc6 3. Bc4 Bc5 4. O-O Nf6 5. a3 O-O 6. d3 Re8 7. Bg5 d6 8. b4
Bb6 9. Nc3 h6 10. Bh4 Bg4 11. Nd5 g5 12. Nxb6 axb6 13. Bg3 Nd4 14. c3 Nxf3+ 15.
gxf3 Be6 16. Bb3 Bh3 17. Re1 h5 18. Qd2 Nh7 19. Kh1 Qf6 20. Qe3 h4 21. Bxh4
gxh4 22. Rg1+ Kf8 23. d4 Ke7 24. dxe5 dxe5 25. f4 Qxf4 26. Qxh3 Ng5 27. Qf5
Qxe4+ 28. Qxe4 Nxe4 29. Rg7 Rf8 30. Kg2 Rg8 31. Rxg8 Rxg8+ 32. Kf3 Nd2+ 0-1

[Event "Open B"]
[Site "?"]
[Date "2008.08.26"]
[Round "5.17"]
[White "Starychfojtu, J."]
[Black "Starek, S."]
[Result "1-0"]
[WhiteElo "1533"]
[BlackElo "1250"]
[Annotator "Øeøábek,Jaroslav"]
[PlyCount "56"]
[EventDate "2008.??.??"]

1. Nf3 e6 2. g3 d5 3. d4 c5 4. c3 Nc6 5. Bg2 Qb6 6. O-O Nh6 7. e3 Bd6 8. Nh4
O-O 9. dxc5 Bxc5 10. b4 Be7 11. e4 d4 12. Bxh6 gxh6 13. a3 Bxh4 14. gxh4 e5 15.
Qh5 Ne7 16. Qxe5 Ng6 17. Qg3 Kh8 18. h5 Ne7 19. Qe5+ f6 20. Qxe7 Rg8 21. Kh1
Rg7 22. Qf8+ Rg8 23. Qxh6 Qd6 24. Re1 Qe6 25. f4 Rxg2 26. f5 Qe5 27. Kxg2 Bxf5
28. Kf3 Rg8 {dale necitelne...} 1-0

[Event "Open B"]
[Site "?"]
[Date "2008.08.26"]
[Round "5.19"]
[White "Riha, F."]
[Black "Fojtu, J."]
[Result "1-0"]
[WhiteElo "1469"]
[BlackElo "1250"]
[PlyCount "57"]
[EventDate "2008.??.??"]

1. e4 e5 2. Nf3 Nc6 3. Bb5 d6 4. d4 exd4 5. Nxd4 Bd7 6. Nc3 Be7 7. O-O Nf6 8.
Re1 O-O 9. Bf4 Rb8 10. a3 Nxd4 11. Qxd4 c5 12. Qd3 Ng4 13. Qg3 Bf6 14. Bxd7
Qxd7 15. Bxd6 Bd4 16. Rf1 Bxf2+ 17. Rxf2 Nxf2 18. Kxf2 Rbe8 19. Bxf8 Kxf8 20.
Qd3 Qe7 21. Re1 g6 22. Qf3 Kg7 23. Nd5 Qd6 24. c4 Re6 25. h3 a6 26. a4 a5 27.
Qc3+ Kg8 28. e5 Qd7 29. Nf6+ 1-0

[Event "OPEN B"]
[Site "?"]
[Date "2008.08.26"]
[Round "5.20"]
[White "Kozel, P."]
[Black "Krizek, F."]
[Result "1/2-1/2"]
[WhiteElo "1250"]
[BlackElo "1432"]
[PlyCount "92"]
[EventDate "2008.08.23"]
[SourceDate "2008.08.26"]

1. e4 e6 2. Nc3 Be7 3. Bc4 f6 4. Nf3 d6 5. O-O Nc6 6. h3 Na5 7. Qe2 Bd7 8. Bb5
a6 9. Bxd7+ Qxd7 10. d3 Nc6 11. Re1 O-O-O 12. Bf4 g5 13. Bg3 h5 14. h4 g4 15.
Nh2 Nd4 16. Qd1 e5 17. Ne2 Nxe2+ 18. Qxe2 Qb5 19. c3 Nh6 20. d4 Qxe2 21. Rxe2
Rdf8 22. f3 Rhg8 23. f4 f5 24. fxe5 f4 25. Be1 dxe5 26. g3 f3 27. Rf2 exd4 28.
cxd4 Rd8 29. Bc3 Nf7 30. Nf1 Nd6 31. Nd2 Nb5 32. Nb3 b6 33. a4 Nd6 34. Nd2 Nb7
35. Nb3 Bf8 36. e5 Bh6 37. Bd2 Bxd2 38. Rxd2 Kb8 39. Rc1 Rge8 40. Kf2 Rd5 41.
Rdc2 Rc8 42. Rc6 Na5 43. Nxa5 bxa5 44. R1c4 Kb7 45. R6c5 Rxc5 46. Rxc5 Kb6
1/2-1/2

[Event "OPEN B"]
[Site "?"]
[Date "2008.08.26"]
[Round "5.21"]
[White "Pychova, N."]
[Black "Hatasova, M."]
[Result "0-1"]
[WhiteElo "1250"]
[BlackElo "1347"]
[PlyCount "114"]
[EventDate "2008.08.23"]
[SourceDate "2008.08.26"]

1. e4 e5 2. Nf3 Nc6 3. Bc4 Nf6 4. Nc3 Nxe4 5. d3 Nxc3 6. bxc3 d5 7. Bb3 Bg4 8.
h3 Bh5 9. g4 Bg6 10. Qe2 e4 11. Nd2 Bc5 12. dxe4 dxe4 13. Nxe4 Bxe4 14. Qxe4+
Qe7 15. Qxe7+ Kxe7 16. O-O Rhe8 17. Bf4 Bb6 18. a4 Kf8 19. Bd5 Ba5 20. Ra3 Re2
21. Bb3 Rc8 22. c4 Nb4 23. Rc1 Bb6 24. Bg3 a5 25. Kf1 Rce8 26. Raa1 Kg8 27. h4
h6 28. Kg2 c6 29. Rab1 Bc5 30. Kf1 b6 31. Ra1 Kf8 32. Kg1 Rd2 33. c3 Nd3 34.
Rf1 Ree2 35. Rab1 Nxf2 36. Bxf2 Bxf2+ 37. Kg2 Bxh4+ 38. Kf3 Bg5 39. Rbe1 Rh2
40. Rh1 Rd3+ 41. Ke4 Rxh1 42. Rxh1 Rxc3 43. Rb1 Re3+ 44. Kd4 c5+ 45. Kd5 Re6
46. Rf1 Ke7 47. Bc2 Rd6+ 48. Ke4 Rd4+ 49. Kf3 Rf4+ 50. Kg2 Rxg4+ 51. Kf3 Rxc4
52. Bd1 Rf4+ 53. Kg2 Rxf1 54. Kxf1 Bc1 55. Kf2 g5 56. Kg3 f5 57. Kh3 g4+ 0-1

[Event "OPEN B"]
[Site "?"]
[Date "2008.08.26"]
[Round "5.22"]
[White "Kocir, V."]
[Black "Rut, V."]
[Result "0-1"]
[WhiteElo "1273"]
[BlackElo "1250"]
[PlyCount "80"]
[EventDate "2008.08.23"]
[SourceDate "2008.08.26"]

1. e4 e5 2. Nf3 Nc6 3. Bc4 Nf6 4. d3 Bc5 5. O-O d6 6. h3 Be6 7. Bb3 O-O 8. Bg5
h6 9. Bh4 Nd4 10. Nbd2 c6 11. c3 Nxb3 12. axb3 b5 13. b4 Bb6 14. d4 exd4 15.
cxd4 Re8 16. e5 dxe5 17. dxe5 g5 18. Bxg5 hxg5 19. exf6 Qxf6 20. Ne4 Qxb2 21.
Rb1 Qg7 22. Qc1 Bf5 23. Nfxg5 Bxe4 24. Nxe4 Rxe4 25. Qxc6 Rae8 26. Qxb5 Re2 27.
Rbd1 Qf6 28. Kh1 Kf8 29. f3 Qf4 30. Rb1 Qg3 31. Rg1 Bxg1 32. Rxg1 Re1 33. Qc5+
Kg8 34. Qxa7 Rxg1+ 35. Qxg1 Re1 36. b5 Rxg1+ 37. Kxg1 Qb8 38. Kf2 Qxb5 39. Kg3
Qg5+ 40. Kh2 Qf4+ 0-1

[Event "OPEN B"]
[Site "?"]
[Date "2008.08.26"]
[Round "5.23"]
[White "Kutil, P."]
[Black "Pucholt, M."]
[Result "1-0"]
[WhiteElo "1409"]
[BlackElo "1000"]
[PlyCount "125"]
[EventDate "2008.08.23"]
[SourceDate "2008.08.26"]

1. b3 e5 2. Bb2 e4 3. d3 f5 4. dxe4 fxe4 5. Nc3 Bb4 6. g3 Nf6 7. Bg2 d5 8. e3
O-O 9. Nge2 c6 10. O-O Bg4 11. Qd4 Qc7 12. Nf4 Bc5 13. Qd2 Na6 14. Bh3 Bxh3 15.
Nxh3 Nh5 16. Na4 Bd6 17. Nf4 Be5 18. Bxe5 Qxe5 19. Qc3 Qxc3 20. Nxc3 Nxf4 21.
exf4 Rae8 22. Rfe1 Rf6 23. Rad1 Nc7 24. a4 Ref8 25. Re2 Rg6 26. Rde1 Rxf4 27.
Kh1 Rf5 28. Nd1 Rf8 29. Re3 Ne6 30. c3 Nc5 31. c4 Nd3 32. R1e2 Rgf6 33. Kg2 Rg6
34. Kh1 Nc5 35. cxd5 cxd5 36. Kg2 Nd3 37. Kf1 h5 38. Rd2 Rgf6 39. Kg1 Rb6 40.
f3 Re8 41. Rdxd3 exd3 42. Rxe8+ Kf7 43. Rd8 Rxb3 44. Rxd5 g6 45. Nf2 Ra3 46.
Rd7+ Ke6 47. Rxb7 Ra1+ 48. Kg2 d2 49. a5 d1=Q 50. Nxd1 Rxd1 51. Rxa7 Rd2+ 52.
Kh3 Ra2 53. a6 Kd6 54. Rg7 Kc5 55. Rxg6 Kb4 56. f4 Rf2 57. a7 Ra2 58. Rg7 Kc5
59. f5 Ra6 60. f6 Rxf6 61. a8=Q Kd4 62. Rd7+ Ke5 63. Qd5# 1-0

[Event "Open B"]
[Site "?"]
[Date "2008.08.26"]
[Round "5.24"]
[White "Sadil, J."]
[Black "Silhavy, J."]
[Result "0-1"]
[WhiteElo "1000"]
[BlackElo "1663"]
[PlyCount "40"]
[EventDate "2008.08.22"]
[SourceDate "2008.08.26"]

1. e4 e5 2. Nf3 Nc6 3. Bb5 a6 4. Bxc6 dxc6 5. O-O Bg4 6. d3 g6 7. Bg5 Bxf3 8.
Bxd8 Bxd1 9. Bxc7 Bxc2 10. Bxe5 f6 11. Bc3 Bxd3 12. Re1 Be7 13. e5 Kf7 14. exf6
Bxf6 15. Bxf6 Nxf6 16. Nc3 Rhe8 17. Rad1 Bf5 18. g3 Rad8 19. Kg2 Ne4 20. Ne2
Rd2 0-1

[Event "OPEN B"]
[Site "?"]
[Date "2008.08.26"]
[Round "5.25"]
[White "Nguyenova, A."]
[Black "Studnicka, P."]
[Result "1-0"]
[WhiteElo "1366"]
[BlackElo "1250"]
[PlyCount "59"]
[EventDate "2008.08.23"]
[SourceDate "2008.08.26"]

1. Nf3 Nf6 2. g3 d5 3. c4 e6 4. b3 c6 5. Bg2 g6 6. Bb2 Bg7 7. O-O Bf8 8. d3 Be7
9. Nbd2 Nbd7 10. a3 Qc7 11. Rc1 c5 12. cxd5 exd5 13. b4 b6 14. bxc5 bxc5 15.
Qc2 Rb8 16. e4 dxe4 17. Nxe4 Rb5 18. Nxf6+ Nxf6 19. Nd2 O-O 20. Bxf6 Bxf6 21.
Ne4 Be7 22. d4 c4 23. Qxc4 Qxc4 24. Rxc4 Bxa3 25. Ra4 Bb2 26. Rb1 Bd7 27. Nf6+
Kg7 28. Nxd7 Rd8 29. Bc6 Rb3 30. Ra2 1-0

[Event "Open B"]
[Site "?"]
[Date "2008.08.26"]
[Round "5.26"]
[White "Pycha, P."]
[Black "Vojtech"]
[Result "1/2-1/2"]
[WhiteElo "1312"]
[BlackElo "1100"]
[PlyCount "67"]
[EventDate "2008.08.22"]
[SourceDate "2008.08.26"]

1. e4 d5 2. exd5 Qxd5 3. Nc3 Qd8 4. d4 e6 5. Nf3 Nf6 6. a3 g6 7. Bg5 Bg7 8. Be2
O-O 9. O-O Nc6 10. Qd2 Qd7 11. Rad1 Nd5 12. Nxd5 exd5 13. Bh6 Qe7 14. Bxg7 Kxg7
15. Rfe1 Qd6 16. h3 a6 17. Bd3 Be6 18. Re2 Rfe8 19. Rde1 Re7 20. c3 Rae8 21.
Ng5 b5 22. Nf3 Bd7 23. Rxe7 Rxe7 24. Re2 Rxe2 25. Qxe2 Qe6 26. Qd2 Ne7 27. Qf4
Qd6 28. Qxd6 cxd6 29. Nd2 Nc6 30. Nb3 Kf6 31. Kf1 Bf5 32. Ke2 Bxd3+ 33. Kxd3
Kf5 34. Ke3 1/2-1/2

[Event "OPEN B"]
[Site "?"]
[Date "2008.08.26"]
[Round "5.27"]
[White "Rathousky, J."]
[Black "Soltysova, P."]
[Result "1-0"]
[WhiteElo "1250"]
[BlackElo "1250"]
[PlyCount "81"]
[EventDate "2008.??.??"]
[SourceDate "2008.08.26"]

1. e4 e5 2. Nf3 Nc6 3. Bb5 d6 4. O-O Bd7 5. Re1 Nf6 6. c3 a6 7. Ba4 Be7 8. d4
O-O 9. Nbd2 exd4 10. cxd4 b5 11. Bc2 Bg4 12. h3 Bh5 13. Nf1 d5 14. e5 Nd7 15.
Ng3 Bg6 16. a3 Bh4 17. Bf4 Bxg3 18. Bxg3 b4 19. Bxg6 fxg6 20. e6 Nf6 21. axb4
Re8 22. Rc1 Nxb4 23. Rxc7 Re7 24. Rc3 a5 25. Ng5 Nh5 26. Nf7 Qb6 27. Bd6 Ree8
28. Qf3 Qb7 29. Rc7 Qb6 30. e7 Nf6 31. Qe3 Nc6 32. Rc1 Qxd4 33. Qe6 Nb4 34.
Bxb4 h6 35. Nd6+ Kh7 36. Nxe8 Rxe8 37. Bc3 Qe4 38. Qxe4 Nxe4 39. Bxa5 Nf6 40.
b4 d4 41. Re1 1-0

[Event "OPEN B"]
[Site "?"]
[Date "2008.08.26"]
[Round "5.28"]
[White "Sochurek, P."]
[Black "Filip, L."]
[Result "1-0"]
[WhiteElo "1451"]
[BlackElo "1250"]
[PlyCount "75"]
[EventDate "2008.08.23"]
[SourceDate "2008.08.26"]

1. d4 d5 2. c4 e6 3. a3 Be7 4. Nc3 a6 5. e4 c5 6. Nf3 Nf6 7. Bd3 Nc6 8. e5 Nd7
9. cxd5 exd5 10. Nxd5 cxd4 11. Nxe7 Qxe7 12. O-O Ndxe5 13. Nxe5 Nxe5 14. Re1
O-O 15. f4 f6 16. fxe5 fxe5 17. Qh5 h6 18. Qxe5 Qxe5 19. Rxe5 b5 20. Rd5 Be6
21. Rxd4 Bf5 22. Bd2 Bxd3 23. Rxd3 Rad8 24. Rxd8 Rxd8 25. Bc3 Rf8 26. Rd1 Ra8
27. Rd7 a5 28. Rxg7+ Kf8 29. Rh7 Ra6 30. Bg7+ Ke8 31. Rxh6 Rxh6 32. Bxh6 Kf7
33. h4 Kg6 34. Bg5 Kh5 35. Kf2 Kg6 36. Ke3 Kf5 37. g3 a4 38. Kd4 1-0

[Event "OPEN B"]
[Site "?"]
[Date "2008.08.26"]
[Round "5.29"]
[White "Mullerova, K."]
[Black "Jirousek, F."]
[Result "1-0"]
[WhiteElo "1250"]
[BlackElo "1250"]
[PlyCount "99"]
[EventDate "2008.08.23"]
[SourceDate "2008.08.26"]

1. e4 e5 2. Nf3 Nc6 3. Bb5 Nf6 4. Nc3 a6 5. Ba4 Bb4 6. a3 Bxc3 7. dxc3 O-O 8.
Bg5 h6 9. Bh4 d6 10. h3 Bd7 11. O-O Qe7 12. Re1 b5 13. Bb3 Na5 14. Bd5 Bc6 15.
Bxc6 Nxc6 16. a4 Qe6 17. Qe2 Qc4 18. Qxc4 bxc4 19. Bxf6 gxf6 20. Nd2 Na5 21. b4
Nc6 22. Nxc4 Ne7 23. Re3 Kh7 24. Rf3 d5 25. exd5 Nxd5 26. Rd1 e4 27. Rf5 c6 28.
Rh5 Kg6 29. Rh4 Kh7 30. Rg4 f5 31. Rh4 Kg6 32. a5 Rad8 33. Ne5+ Kg5 34. g3 Rd6
35. c4 f6 36. f4+ Nxf4 37. gxf4+ Kxh4 38. Rxd6 fxe5 39. fxe5 Rg8+ 40. Kh2 Re8
41. e6 e3 42. Kg2 f4 43. Kf3 Kxh3 44. Rxc6 h5 45. Rxa6 h4 46. Rc6 Kh2 47. a6 h3
48. a7 Kg1 49. Ra6 h2 50. Ra1# 1-0

[Event "OPEN A"]
[Site "?"]
[Date "2008.08.27"]
[Round "6.1"]
[White "Vokac, M."]
[Black "Vojta, T."]
[Result "1/2-1/2"]
[WhiteElo "2451"]
[BlackElo "2411"]
[PlyCount "65"]
[EventDate "2008.08.23"]
[SourceDate "2008.08.27"]

1. d4 d5 2. Nf3 Nf6 3. c4 dxc4 4. e3 Bg4 5. h3 Bh5 6. Bxc4 e6 7. Nc3 Nbd7 8.
O-O Bd6 9. Be2 O-O 10. e4 e5 11. Be3 Bxf3 12. Bxf3 Qe7 13. g3 Rad8 14. Bg2 Nb6
15. dxe5 Bxe5 16. Qe2 Rfe8 17. Rfe1 Kh8 18. a4 Qe6 19. a5 Nc4 20. Bg5 h6 21.
Bxf6 Bxf6 22. Ra4 Bxc3 23. bxc3 Ne5 24. Rd4 Nc6 25. Rxd8 Rxd8 26. Qb5 b6 27.
axb6 axb6 28. e5 Na5 29. f4 g6 30. Qe2 Nc4 31. Rd1 Rxd1+ 32. Qxd1 Ne3 33. Qd3
1/2-1/2

[Event "Open A"]
[Site "?"]
[Date "2008.??.??"]
[Round "6.2"]
[White "Pokorny, M."]
[Black "Studnicka, T."]
[Result "1/2-1/2"]
[WhiteElo "2172"]
[BlackElo "2300"]
[PlyCount "53"]
[EventDate "2008.??.??"]

1. e4 e5 2. Nf3 Nf6 3. Nxe5 d6 4. Nf3 Nxe4 5. d4 d5 6. Bd3 Nc6 7. O-O Be7 8.
Re1 Bg4 9. c4 Nf6 10. Nc3 dxc4 11. Bxc4 O-O 12. d5 Na5 13. Bd3 c6 14. h3 Bh5
15. Re5 Bd6 16. Rxh5 Nxh5 17. Bxh7+ Kxh7 18. Ng5+ Kg6 19. g4 Nf4 20. Qc2+ f5
21. Bxf4 Bxf4 22. Ne6 Qd6 23. Ne2 Bh2+ 24. Kg2 Rf6 25. g5 Kf7 26. f4 Qxd5+ 27.
Kxh2 {dale necitelne} 1/2-1/2

[Event "Open A"]
[Site "?"]
[Date "2008.??.??"]
[Round "6.3"]
[White "Stastny, J."]
[Black "Vojta, P."]
[Result "1-0"]
[WhiteElo "2217"]
[BlackElo "2137"]
[PlyCount "55"]
[EventDate "2008.??.??"]

1. e4 c5 2. Nf3 d6 3. d4 cxd4 4. Nxd4 Nf6 5. Nc3 a6 6. Bc4 e6 7. a3 Nc6 8. O-O
Be7 9. Kh1 O-O 10. Ba2 Qb6 11. Be3 Qc7 12. f4 Nxd4 13. Qxd4 Ng4 14. Bg1 e5 15.
Nd5 Qd8 16. Qd3 exf4 17. Bb6 Qd7 18. Rxf4 Bd8 19. Bd4 Qe8 20. Qg3 Ne5 21. c4 f6
22. c5 Kh8 23. cxd6 Ng6 24. Rff1 Qxe4 25. Bc4 f5 26. Nf4 Bh4 27. Nxg6+ hxg6 28.
Qxg6 1-0

[Event "OPEN A"]
[Site "?"]
[Date "2008.08.27"]
[Round "6.4"]
[White "Hosticka, F."]
[Black "Fojtu, J."]
[Result "0-1"]
[WhiteElo "2172"]
[BlackElo "2105"]
[PlyCount "60"]
[EventDate "2008.08.23"]
[SourceDate "2008.08.27"]

1. e4 c5 2. Nf3 Nc6 3. Bb5 g6 4. O-O Bg7 5. Re1 e5 6. Bxc6 bxc6 7. d3 d6 8.
Nbd2 Ne7 9. Nc4 O-O 10. c3 f5 11. Bg5 h6 12. Bxe7 Qxe7 13. exf5 gxf5 14. d4
cxd4 15. cxd4 e4 16. Nfd2 d5 17. Na5 Bxd4 18. Nxc6 Bxf2+ 19. Kh1 Qf6 20. Rc1
Bxe1 21. Qxe1 f4 22. Nb3 Bg4 23. h3 Bd7 24. Ncd4 Rf7 25. Qa5 Qg5 26. Nc5 f3 27.
Rg1 f2 28. Rf1 Bxh3 29. gxh3 Qg3 30. Qa3 e3 0-1

[Event "Open A"]
[Site "?"]
[Date "2008.??.??"]
[Round "6.5"]
[White "Cerny, M."]
[Black "Vevera, R."]
[Result "1/2-1/2"]
[WhiteElo "2203"]
[BlackElo "2090"]
[PlyCount "41"]
[EventDate "2008.??.??"]

1. d4 c6 2. c4 d5 3. Nf3 Nf6 4. Nc3 e6 5. cxd5 exd5 6. Bg5 Nbd7 7. e3 Be7 8.
Bd3 h6 9. Bf4 Nh5 10. Be5 Nxe5 11. Nxe5 Nf6 12. O-O O-O 13. h3 Bd6 14. Nf3 Re8
15. Nd2 Qe7 16. Qc2 Be6 17. Rae1 Rad8 18. a3 Bb8 19. f4 c5 20. dxc5 Qxc5 21.
Nb5 1/2-1/2

[Event "Open A"]
[Site "?"]
[Date "2008.??.??"]
[Round "6.6"]
[White "Herejk, P."]
[Black "Skacel"]
[Result "1-0"]
[WhiteElo "2197"]
[BlackElo "2062"]
[PlyCount "87"]
[EventDate "2008.??.??"]

1. e4 c5 2. Nf3 Nc6 3. d4 cxd4 4. Nxd4 Nf6 5. Nc3 e6 6. Ndb5 Bb4 7. a3 Bxc3+ 8.
Nxc3 d5 9. exd5 exd5 10. Bd3 O-O 11. O-O h6 12. Bf4 d4 13. Nb5 Nd5 14. Qf3 Be6
15. Rfe1 Qd7 16. Be5 Nxe5 17. Rxe5 Nf6 18. Qf4 Rfd8 19. Rd1 Kh8 20. Be2 Rac8
21. Rxd4 Nd5 22. Qd2 a6 23. Rexd5 Bxd5 24. Nc3 Qf5 25. Bf3 Re8 26. Bxd5 Rc7 27.
g3 b5 28. Rf4 Qg5 29. h4 Qd8 30. Qd3 Ree7 31. Qf3 Qe8 32. Be4 Rc4 33. Bd3 Rxf4
34. Qxf4 Qc6 35. Be4 Qe6 36. Kg2 Qe5 37. Qxe5 Rxe5 38. f4 Rc5 39. Kf3 a5 40.
Bd3 b4 41. axb4 axb4 42. Na2 b3 43. cxb3 g5 44. b4 1-0

[Event "Open A"]
[Site "?"]
[Date "2008.??.??"]
[Round "6.8"]
[White "Skala, J."]
[Black "Vanka, M."]
[Result "0-1"]
[WhiteElo "2084"]
[BlackElo "2184"]
[PlyCount "52"]
[EventDate "2008.??.??"]

1. e4 c5 2. Nf3 e6 3. c3 d5 4. e5 d4 5. cxd4 cxd4 6. Qa4+ Nc6 7. Bb5 Bd7 8.
Bxc6 Bxc6 9. Qxd4 Bxf3 10. Qxd8+ Rxd8 11. gxf3 Ne7 12. O-O Ng6 13. Re1 Bc5 14.
Nc3 O-O 15. Re4 Rd3 16. Na4 Bd4 17. f4 Rd8 18. Nc3 Rf3 19. Re3 Rxf4 20. Re2
Nxe5 21. Kg2 Rg4+ 22. Kh3 f5 23. d3 Bxc3 24. bxc3 Rxd3+ 25. Re3 Nf3 26. Ba3
Ng5# 0-1

[Event "OPEN A"]
[Site "?"]
[Date "2008.08.27"]
[Round "6.9"]
[White "Lizner, M."]
[Black "Soural, J."]
[Result "1/2-1/2"]
[WhiteElo "2050"]
[BlackElo "2282"]
[PlyCount "41"]
[EventDate "2008.08.23"]
[SourceDate "2008.08.27"]

1. e4 c5 2. Nc3 e6 3. g3 Nc6 4. Bg2 g6 5. d3 Bg7 6. f4 Nge7 7. Nf3 d6 8. O-O
O-O 9. Be3 b6 10. d4 Bb7 11. Ne2 Rc8 12. c3 cxd4 13. Nfxd4 Nxd4 14. Nxd4 Qd7
15. Qc2 Nc6 16. Rad1 Ne7 17. Qb3 d5 18. f5 exf5 19. exd5 Ba6 20. Rfe1 Bc4 21.
Qa3 1/2-1/2

[Event "OPEN A"]
[Site "?"]
[Date "2008.08.27"]
[Round "6.10"]
[White "Taborsky, R."]
[Black "Boucek, V."]
[Result "1-0"]
[WhiteElo "2282"]
[BlackElo "2017"]
[PlyCount "53"]
[EventDate "2008.08.23"]
[SourceDate "2008.08.27"]

1. d4 d6 2. e4 c6 3. h3 Nd7 4. Nc3 e5 5. Nf3 g6 6. Be3 f6 7. Qd2 Qc7 8. a4 a5
9. Bc4 Nb8 10. O-O-O Na6 11. g4 Nb4 12. g5 f5 13. dxe5 d5 14. exd5 cxd5 15.
Bb5+ Bd7 16. e6 Bc6 17. Nxd5 Nxd5 18. Qxd5 Ne7 19. Bxc6+ Nxc6 20. Qd7+ Qxd7 21.
exd7+ Kf7 22. Ne5+ Nxe5 23. d8=Q Rxd8 24. Rxd8 Nc4 25. Bd4 Rg8 26. Re1 h6 27.
Rd7+ 1-0

[Event "OPEN A"]
[Site "?"]
[Date "2008.08.27"]
[Round "6.11"]
[White "Tejkal, J."]
[Black "Beil, M."]
[Result "0-1"]
[WhiteElo "2015"]
[BlackElo "2208"]
[PlyCount "50"]
[EventDate "2008.08.23"]
[SourceDate "2008.08.27"]

1. d4 d5 2. Nf3 Nf6 3. c4 c6 4. e3 e6 5. Nc3 Nbd7 6. Qc2 Bd6 7. b3 e5 8. cxd5
cxd5 9. dxe5 Nxe5 10. Be2 O-O 11. Bb2 Nxf3+ 12. Bxf3 d4 13. exd4 Re8+ 14. Ne2
Bg4 15. Qd3 Bb4+ 16. Kf1 Bxf3 17. gxf3 Nd5 18. Rd1 Qd7 19. h3 Re6 20. a3 Ba5
21. b4 Bc7 22. Bc1 Rae8 23. Nc3 Nxc3 24. Qxc3 Qb5+ 25. Rd3 Rc6 0-1

[Event "Open A"]
[Site "?"]
[Date "2008.??.??"]
[Round "6.12"]
[White "Siktanc"]
[Black "Koper"]
[Result "1-0"]
[WhiteElo "2197"]
[BlackElo "2007"]
[PlyCount "32"]
[EventDate "2008.??.??"]

1. d4 d6 2. Nf3 g6 3. c3 Nd7 4. e4 Bg7 5. Bd3 c5 6. O-O e6 7. Na3 f6 8. Qb3 e5
9. Nb5 Nb6 10. dxc5 dxc5 11. Re1 Kf8 12. Be3 Qe7 13. Qa3 Nd7 14. Nc7 Rb8 15.
Qxa7 b6 16. Ba6 Bxa6 1-0

[Event "Open A"]
[Site "?"]
[Date "2008.??.??"]
[Round "6.14"]
[White "Fojtu, P."]
[Black "Sokol, R."]
[Result "1/2-1/2"]
[WhiteElo "2176"]
[BlackElo "1979"]
[PlyCount "42"]
[EventDate "2008.??.??"]

1. d4 Nf6 2. c4 e6 3. Nc3 Bb4 4. e3 O-O 5. Bd3 c5 6. Nf3 Nc6 7. O-O b6 8. Qc2
h6 9. Rd1 cxd4 10. exd4 Be7 11. a3 d5 12. cxd5 exd5 13. Bb5 Bd7 14. Nxd5 Nxd5
15. Bxc6 Rc8 16. Ne5 Bxc6 17. Nxc6 Kh8 18. Be3 Qd6 19. Rac1 b5 20. Qc5 Qxc5 21.
dxc5 Nxe3 1/2-1/2